Normal view
MARC view
- Learning disabilities-English language
Entry Topical Term
001 - CONTROL NUMBER
- control field: 145
003 - CONTROL NUMBER IDENTIFIER
- control field: JO-AjAnu
005 - DATE AND TIME OF LATEST TRANSACTION
- control field: 20230606070326.0
008 - FIXED-LENGTH DATA ELEMENTS
- fixed length control field: 230606|| aca||aabn | a|a d
040 ## - CATALOGING SOURCE
- Original cataloging agency: JO-AjAnu
- Transcribing agency: JO-AjAnu
150 ## - HEADING--TOPICAL TERM
- Topical term or geographic name entry element: Learning disabilities-English language
670 ## - SOURCE DATA FOUND
- Source citation: Work cat.: (JO-AjAnu)76: Harinath,P.Kusuma, author 144, Learning Disabilities In English